000 00924nam a2200265Ia 4500
003 OSt
005 20221005113241.0
006 a|||||r|||| 00| 0
007 ta
008 221004b |||||||| |||| 00| 0 pan d
020 _a9789387276048 (pbk)
_cINR 350.00
024 _a45077
037 _b1046, 02/02/2019, H.K. Prakashan
_cTextual
040 _aCRL
_cCRL
_bpan
041 _2pan
_apan
082 _aO153,2NAU:g, Q8
100 _aਸਿੰਘ, ਹਰਜੋਧ, ਂਚ.
245 0 _aਨਾਟਕਕਾਰ
_b ਅਜਮੇਰ ਔਲਖ
260 _aਪਟਿਆਲਾ
_bਗ੍ਰੈFਿਅਸ ਭਾਰਤ
_c2018
300 _a215ਪ੍ਰ0
_ccm.
650 _a ਪੰਜਾਬੀ ਨਾਟਕ
650 _aਪੰਜਾਬੀ ਸਾਹਿਤ
942 _hO153,2NAU:g, Q8
_cTEXL
_2cc
999 _c1027552
_d1027552